Acciones educativas para la formación de estilos de vida saludable en estudiantes de la asignatura metodología del entrenamiento deportivo escolar del programa de licenciatura en Educación Física del recinto Luis Napoleón Núñez Molina Licey al Medio, Santiago / (Record no. 13383)
[ view plain ]
| 000 -LEADER | |
|---|---|
| campo de control de longitud fija | 01764nam a22003254i 4500 |
| 001 - NÚMERO DE CONTROL | |
| campo de control | 32552 |
| 003 - IDENTIFICADOR DE NÚMERO DE CONTROL | |
| campo de control | DO-SdISF |
| 005 - FECHA Y HORA DE LA ÚLTIMA TRANSACCIÓN | |
| campo de control | 20250326105952.0 |
| 007 - CAMPO FIJO DE DESCRIPCIÓN FÍSICA--INFORMACIÓN GENERAL | |
| campo de control de longitud fija | ta |
| 008 - DATOS DE LONGITUD FIJA--INFORMACIÓN GENERAL | |
| campo de control de longitud fija | 240209s2020 dr a|||frm||| 000 0 spa d |
| 040 ## - FUENTE DE CATALOGACIÓN | |
| Centro catalogador/agencia de origen | DO-SdISF |
| Lengua de catalogación | spa |
| Normas de descripción | rda |
| Centro/agencia transcriptor | DO-SdISF |
| 090 ## - LOCALMENTE ASIGNADO TIPO-LC NÚMERO DE CLASIFICACIÓN (OCLC); NÚMERO DE CLASIFICACIÓN LOCAL (RLIN) | |
| Número de clasificación (OCLC) (R) ; Numero de clasificación, CALL (RLIN) (NR) | TMEFI-2020-0015 |
| 100 1# - ENTRADA PRINCIPAL--NOMBRE DE PERSONA | |
| Nombre de persona | López Guillén, Rudy Gilberto |
| Término indicativo de función/relación | autor |
| 9 (RLIN) | 22703 |
| 245 10 - MENCIÓN DEL TÍTULO | |
| Título | Acciones educativas para la formación de estilos de vida saludable en estudiantes de la asignatura metodología del entrenamiento deportivo escolar del programa de licenciatura en Educación Física del recinto Luis Napoleón Núñez Molina Licey al Medio, Santiago / |
| Mención de responsabilidad, etc. | sustentado por: Rudy Gilberto López Guillén ; asesor: Fernando Guío Gutiérrez |
| 264 #1 - PRODUCCIÓN, PUBLICACIÓN, DISTRIBUCIÓN, FABRICACIÓN Y COPYRIGHT | |
| Producción, publicación, distribución, fabricación y copyright | Santo Domingo : |
| Nombre del de productor, editor, distribuidor, fabricante | ISFODOSU, |
| Fecha de producción, publicación, distribución, fabricación o copyright | 2020 |
| 300 ## - DESCRIPCIÓN FÍSICA | |
| Extensión | 73 hojas : |
| Otras características físicas | ilustraciones ; |
| Dimensiones | 27 cm. |
| 336 ## - TIPO DE CONTENIDO | |
| Fuente | rdacontent |
| Término de tipo de contenido | texto |
| Código de tipo de contenido | txt |
| 337 ## - TIPO DE MEDIO | |
| Fuente | rdamedia |
| Nombre/término del tipo de medio | sin mediación |
| Código del tipo de medio | n |
| 338 ## - TIPO DE SOPORTE | |
| Fuente | rdacarrier |
| Nombre/término del tipo de soporte | volumen |
| Código del tipo de soporte | nc |
| 502 ## - NOTA DE TESIS | |
| Nota de tesis | Tesis para optar por el título de Maestría en Educación Física Integral - Instituto Superior de Formación Docente Salomé Ureña - ISFODOSU, Recinto EMH, 2020.<br/> |
| 504 ## - NOTA DE BIBLIOGRAFÍA, ETC. | |
| Nota de bibliografía, etc. Nota | Bibliografía en hoja 64 |
| 505 2# - NOTA DE CONTENIDO CON FORMATO | |
| Nota de contenido con formato | Introducción al problema de investigación 1 - Revisión de literatura 13 - Metodología 30 - Presentación de resultados 58 - Interpretación de los resultados 55 - Referencias bibliográficas 64 - anexos 73 |
| 610 14 - PUNTO DE ACCESO ADICIONAL DE MATERIA--NOMBRE DE ENTIDAD CORPORATIVA | |
| Nombre de entidad corporativa o nombre de jurisdicción como elemento de entrada | Instituto Superior de Formación Docente Salomé Ureña |
| Subdivisión de forma | Tesis |
| Fuente del encabezamiento o término | armarc |
| 9 (RLIN) | 20677 |
| 650 14 - PUNTO DE ACCESO ADICIONAL DE MATERIA--TÉRMINO DE MATERIA | |
| Término de materia o nombre geográfico como elemento de entrada | Educación física |
| Subdivisión general | Enseñanza |
| Fuente del encabezamiento o término | armarc |
| 9 (RLIN) | 3852 |
| 650 17 - PUNTO DE ACCESO ADICIONAL DE MATERIA--TÉRMINO DE MATERIA | |
| Término de materia o nombre geográfico como elemento de entrada | Estilos de vida |
| 9 (RLIN) | 20982 |
| 650 14 - PUNTO DE ACCESO ADICIONAL DE MATERIA--TÉRMINO DE MATERIA | |
| Término de materia o nombre geográfico como elemento de entrada | Promoción de la salud |
| Subdivisión general | Metodología |
| 9 (RLIN) | 8733 |
| 650 14 - PUNTO DE ACCESO ADICIONAL DE MATERIA--TÉRMINO DE MATERIA | |
| Término de materia o nombre geográfico como elemento de entrada | Estudiantes universitarios |
| 9 (RLIN) | 4500 |
| 700 1# - ENTRADA AGREGADA--NOMBRE PERSONAL | |
| Nombre de persona | Guío Gutiérrez, Fernando |
| 9 (RLIN) | 31320 |
| Término indicativo de función/relación | asesor |
| 942 ## - ELEMENTOS DE ENTRADA SECUNDARIOS (KOHA) | |
| Fuente de la clasificación o esquema de estantería | |
| Tipo de ítem Koha | |
| Estatus retirado | Estado de pérdida | Fuente de la clasificación o esquema de estantería | Estado de daño | No para préstamo | Biblioteca de origen | Biblioteca actual | Fecha de adquisición | Total de préstamos | Visto por última vez | Precio de reemplazo | Tipo de ítem Koha |
|---|---|---|---|---|---|---|---|---|---|---|---|
| Clasificación Decimal Dewey | Repositorio INERED | Repositorio INERED | 26/03/2025 | 26/03/2025 | 26/03/2025 | Tesis digital |